<?xml version="1.0" encoding="UTF-8"?>
<marc:record xmlns:marc="http://www.loc.gov/MARC21/slim">
   <marc:leader>00000nam a2200000 a 4500</marc:leader>
   <marc:datafield ind1="1" ind2=" " tag="100">
      <marc:subfield code="a">Falk, Rita</marc:subfield>
      <marc:subfield code="4">aut</marc:subfield>
      <marc:subfield code="e">Verfasser/-in</marc:subfield>
   </marc:datafield>
   <marc:datafield ind1="1" ind2=" " tag="100">
      <marc:subfield code="a">Hain, Jeanette</marc:subfield>
   </marc:datafield>
   <marc:datafield ind1="1" ind2=" " tag="100">
      <marc:subfield code="a">Zimmerschied, Sigi</marc:subfield>
   </marc:datafield>
   <marc:datafield ind1="1" ind2=" " tag="100">
      <marc:subfield code="a">Schwarz, Simon</marc:subfield>
   </marc:datafield>
   <marc:datafield ind1="1" ind2=" " tag="100">
      <marc:subfield code="a">Bezzel, Sebastian</marc:subfield>
   </marc:datafield>
   <marc:datafield ind1="0" ind2="0" tag="245">
      <marc:subfield code="a">Winter-Kratoffel-Knödel</marc:subfield>
   </marc:datafield>
   <marc:datafield ind1="0" ind2="0" tag="245">
      <marc:subfield code="b">ein Eberhoferkrimi</marc:subfield>
   </marc:datafield>
   <marc:datafield ind1="0" ind2="0" tag="245">
      <marc:subfield code="c">Rita Falk</marc:subfield>
   </marc:datafield>
   <marc:datafield ind1=" " ind2="1" tag="264">
      <marc:subfield code="b">EuroVideo, Constantin Television</marc:subfield>
      <marc:subfield code="c">2014</marc:subfield>
   </marc:datafield>
   <marc:datafield ind1="1" ind2=" " tag="520">
      <marc:subfield code="a">Provinzpolizist Franz Eberhofer (Sebastian Bezzel) und sein Kumpel, Privatdetektiv Rudi Birkenberger (Simon Schwarz), bekommen es gleich mit mehreren bizarren Todesfällen rund um die Familie Neuhofer zu tun. Die sterben innerhalb kürzester Zeit an den merkwürdigsten Dingen. Während Franz&#x91; Vorgesetzter Moratschek (Sigi Zimmerschied) an eine Verkettung unglücklicher Umstände glaubt, sind Franz und Rudi überzeugt, dass da etwas faul ist und folgen ihrer Spur bis nach Spanien. Dabei will Franz gar nicht nach Spanien, denn in Niederkaltenkirchen ist Femme fatale Mercedes (Jeanette Hain) aufgetaucht und hat Franz ordentlich den Kopf verdreht, weshalb dieser mehr denn je die Unterstützung seines Freundes Rudi Birkenberger braucht.</marc:subfield>
   </marc:datafield>
   <marc:datafield ind1=" " ind2=" " tag="020">
      <marc:subfield code="a">4009750225127</marc:subfield>
      <marc:subfield code="9">4009750225127</marc:subfield>
   </marc:datafield>
   <marc:datafield ind1="0" ind2=" " tag="490">
      <marc:subfield code="v">0</marc:subfield>
   </marc:datafield>
   <marc:datafield ind1=" " ind2=" " tag="300">
      <marc:subfield code="a">1 DVD (92 Min) farb.</marc:subfield>
   </marc:datafield>
</marc:record>
